Jugadores que ganaron un triplete europeo por foto #1 - Estadísticas

Estadísticas generales
  • Esta prueba ha sido intentada 57 veces
  • La puntuación promedio es 24 de 32
Estadísticas de respuestas
Imagen Respuesta % Correcto
Dani Alves
98%
Manuel Neuer
98%
Toni Kroos
98%
David Alaba
96%
Ilkay Gündogan
96%
Kevin de Bruyne
96%
Thierry Henry
94%
Thomas Müller
94%
Andrés Iniesta
92%
Arjen Robben
92%
Javier Mascherano
92%
Johan Kruyff
92%
Lionel Messi
92%
Neymar
92%
Erling Haaland
90%
Franck Ribéry
88%
Jack Grealish
86%
Robert Lewandowski
80%
Diego Milito
69%
Paul Scholes
69%
Ronald Koeman
69%
Wesley Sneijder
69%
David Beckham
67%
Serge Gnabry
65%
Yaya Touré
65%
Ryan Giggs
61%
Roy Keane
55%
Romário
51%
Bojan Krkic
41%
Thiago Motta
31%
Marko Arnautovic
22%
Ivan Nielsen
0%
No se encontraron pruebas coincidentes
Distribución de puntuación
Porcentaje de gente con cada puntuación
Porcentaje por número respondido
Historial de tus puntuaciones
No has intentado esta prueba.